[Event "Tournoi Skype 009"]
[Site "Skype"]
[Date "????.??.??"]
[Round "7.10"]
[White "Janssen, Gerard"]
[Black "Belouin, Bruno"]
[Result "1-0"]
[WhiteElo "1647"]
[BlackElo "1456"]
[PlyCount "51"]

1. d4 d5 2. c4 Nf6 3. Nc3 e6 4. e3 Be7 5. Nf3 Nc6 6. a3 Bd7 7. Qc2 a6 8. cxd5
exd5 9. Bd3 b5 10. b4 Qc8 11. O-O Bg4 12. Ne5 Nxe5 13. dxe5 Ne4 14. Nxd5 Ra7
15. Bxe4 g6 16. Nxe7 Kxe7 17. Qc5+ Ke8 18. Qxa7 Kf8 19. Bb2 Rg8 20. Rac1 Qe6
21. Qb8+ Kg7 22. Qxc7 Rc8 23. Qd6 Qb3 24. Qf6+ Kg8 25. e6 Kf8 26. Rxc8# 1-0

[Event "Tournoi Skype 009"]
[Site "Skype"]
[Date "????.??.??"]
[Round "7.11"]
[White "Legueltel, Daniel"]
[Black "Antonic, Nenad"]
[Result "1-0"]
[WhiteElo "1728"]
[BlackElo "1466"]
[PlyCount "85"]

1. d4 d5 2. c4 e6 3. Nc3 Bb4 4. e3 Nf6 5. a3 Be7 6. Nf3 c5 7. cxd5 exd5 8. dxc5
Bxc5 9. Bd3 O-O 10. Qc2 Be6 11. O-O Nc6 12. b4 Bd6 13. Bb2 Ne5 14. Nxe5 Bxe5
15. f4 Bc7 16. Nb5 Bd6 17. Nxd6 Qxd6 18. Bxf6 Rfc8 19. Be5 Rxc2 20. Bxd6 Rd2
21. Rfd1 Rxd1+ 22. Rxd1 Rc8 23. Be5 f6 24. Bd4 a6 25. Bb2 Kf7 26. Rc1 g6 27.
Rxc8 Bxc8 28. Kf2 f5 29. h4 h5 30. Ke2 Ke6 31. Bc2 b5 32. Kd3 Bb7 33. g3 a5 34.
Be5 a4 35. Kd4 Bc6 36. Kc5 Bd7 37. Bd3 Be8 38. Bxb5 Bxb5 39. Kxb5 Kd7 40. Kb6
Ke6 41. Kc7 d4 42. exd4 Kd5 43. b5 1-0

[Event "Tournoi Skype 009"]
[Site "Skype"]
[Date "????.??.??"]
[Round "7.12"]
[White "Trivedi, Viral"]
[Black "Bourdeau, Yvan"]
[Result "1-0"]
[WhiteElo "1464"]
[BlackElo "1662"]
[PlyCount "55"]

1. Nf3 d5 2. e3 Nf6 3. c4 e6 4. Nc3 c6 5. b3 Be7 6. Be2 O-O 7. O-O Nbd7 8. Bb2
b6 9. h3 Bb7 10. Qc2 h6 11. Bd3 c5 12. cxd5 exd5 13. Ne2 Bd6 14. Bf5 Re8 15. d4
Ne4 16. Bxe4 dxe4 17. Nd2 Nf6 18. dxc5 Bxc5 19. Rad1 Qe7 20. Bxf6 Qxf6 21. Ng3
Qe6 22. Nc4 Rad8 23. Rxd8 Rxd8 24. a3 Bd5 25. Rd1 Be7 26. Ne2 Rc8 27. Nf4 Bxc4
28. Nxe6 1-0

[Event "Tournoi Skype 009"]
[Site "Skype"]
[Date "????.??.??"]
[Round "7.14"]
[White "Meaney, Mike"]
[Black "Duthoit, Bernard"]
[Result "1-0"]
[WhiteElo "1399"]
[BlackElo "1602"]
[PlyCount "52"]

1. Nf3 Nf6 2. d4 d5 3. e3 g6 4. Nc3 Bg7 5. Bd3 O-O 6. O-O e6 7. e4 dxe4 8. Nxe4
Nxe4 9. Bxe4 Bd7 10. Bxb7 Nc6 11. Bxa8 Qxa8 12. Bf4 Qb7 13. Rb1 Ne7 14. Ne5 Bb5
15. Re1 Nf5 16. Qf3 Qxf3 17. Nxf3 c6 18. b3 Nxd4 19. Nxd4 Bxd4 20. a4 Ba6 21.
Be3 Bc3 22. Red1 Be2 23. Rd7 a6 24. Rc7 a5 25. f3 Ba6 26. Rd1 Re8 1-0

[Event "Tournoi Skype 009"]
[Site "Skype"]
[Date "????.??.??"]
[Round "7.15"]
[White "Mordaa, Ahmad"]
[Black "De Coninck, Philippe"]
[Result "1-0"]
[WhiteElo "1399"]
[BlackElo "1535"]
[PlyCount "71"]

1. Nf3 Nc6 2. c4 Nf6 3. Nc3 e5 4. d3 Bb4 5. g3 Bxc3+ 6. bxc3 d6 7. Bg2 O-O 8.
e4 a6 9. O-O Be6 10. Re1 b5 11. cxb5 axb5 12. a3 Qd7 13. d4 Nxe4 14. Rxe4 d5
15. Nxe5 Nxe5 16. Rxe5 Rfd8 17. Qe2 Rac8 18. Rb1 c6 19. Qh5 Re8 20. Bg5 Bg4 21.
Rxe8+ Rxe8 22. Qh4 Re2 23. h3 Bf5 24. Ra1 Rc2 25. g4 Be4 26. Qg3 Qc8 27. Bxe4
dxe4 28. Re1 f6 29. Bf4 g5 30. Bd6 Kf7 31. f4 Qe6 32. fxg5 fxg5 33. Rf1+ Kg6
34. Be5 Qc4 35. Rf6+ Kg7 36. Rxc6+ 1-0

[Event "Tournoi Skype 009"]
[Site "Skype"]
[Date "????.??.??"]
[Round "7.17"]
[White "Coruble, Didier"]
[Black "L'Herbon De Lussats, Jean"]
[Result "1/2-1/2"]
[WhiteElo "1398"]
[BlackElo "1479"]
[PlyCount "146"]

1. e4 e6 2. d4 d5 3. e5 c5 4. Nf3 cxd4 5. Nxd4 Nc6 6. Nxc6 bxc6 7. Bd3 c5 8.
O-O c4 9. Be2 Qc7 10. Bf4 Ne7 11. Nc3 a6 12. b3 cxb3 13. Qd2 b2 14. Rab1 Rb8
15. a4 Ng6 16. Bg3 Nxe5 17. f4 Nc4 18. Bxc4 Qxc4 19. f5 Bc5+ 20. Kh1 Rb4 21.
fxe6 Bxe6 22. Rfe1 O-O 23. Nd1 d4 24. Nxb2 Qc3 25. Qxc3 dxc3 26. Nd3 Rxb1 27.
Rxb1 Bc4 28. a5 Bd4 29. Rb4 Rc8 30. Nc5 g6 31. Rxc4 Bxc5 32. Rxc3 f5 33. Bf2
Rd8 34. Bxc5 Rd1+ 35. Bg1 Rd5 36. Rc5 Rd1 37. Rc6 Rc1 38. c4 Kf7 39. c5 Ke7 40.
Rxa6 Kd7 41. Rd6+ Kc7 42. a6 Ra1 43. Rf6 Ra5 44. h4 Ra1 45. Rf7+ Kc6 46. a7 h5
47. Kh2 Ra4 48. Kh3 Ra3+ 49. g3 Ra2 50. Rf6+ Kb7 51. Rxg6 Kc7 52. Rg5 Rxa7 53.
Rg7+ Kb8 54. Rxa7 Kxa7 55. Kg2 Kb7 56. Kf3 Kc6 57. Kf4 Kd5 58. Kxf5 Kc6 59. Kg5
Kd5 60. Kxh5 Kc6 61. g4 Kd5 62. g5 Ke6 63. g6 Kf6 64. Kh6 Ke7 65. g7 Kf7 66.
Kh7 Kf6 67. g8=Q Ke5 68. Qg5+ Ke4 69. Qe3+ Kd5 70. Qd4+ Ke6 71. Qd6+ Kf5 72.
Qg6+ Ke5 73. Bh2+ Kd5 1/2-1/2

[Event "Tournoi Skype 009"]
[Site "Skype"]
[Date "????.??.??"]
[Round "7.19"]
[White "Vervoort, Jean-Louis"]
[Black "Khatanhar, Mohit"]
[Result "0-1"]
[WhiteElo "1290"]
[BlackElo "1450"]
[PlyCount "32"]

1. e4 e5 2. d4 exd4 3. Qxd4 d6 4. Nf3 h6 5. Nc3 Nc6 6. Qd3 Be6 7. Be2 Be7 8.
O-O Nf6 9. Nh4 Ng4 10. Bxg4 Bxg4 11. g3 Bxh4 12. gxh4 Qxh4 13. Nd5 O-O 14. Nf4
Ne5 15. Qc3 Nf3+ 16. Kh1 Qxh2# 0-1

[Event "Tournoi Skype 009"]
[Site "Skype"]
[Date "????.??.??"]
[Round "7.20"]
[White "Gerbaux, Regis"]
[Black "Talbot, Jacques"]
[Result "1-0"]
[WhiteElo "1337"]
[BlackElo "1412"]
[PlyCount "65"]

1. Nf3 d5 2. d4 e6 3. e3 Nf6 4. c4 c6 5. Nc3 Bd6 6. c5 Bc7 7. Bd3 O-O 8. Qc2
Nbd7 9. b4 a6 10. Bb2 e5 11. dxe5 Nxe5 12. Nxe5 Bxe5 13. Ne2 Bxb2 14. Qxb2 Re8
15. O-O Qc7 16. h3 Ne4 17. Bxe4 Rxe4 18. Ng3 Re7 19. Nh5 Qe5 20. Qxe5 Rxe5 21.
Nf4 Re4 22. Rab1 d4 23. Rfe1 dxe3 24. Rxe3 Bf5 25. Rxe4 Bxe4 26. Re1 g5 27.
Rxe4 gxf4 28. Rxf4 Re8 29. Kf1 Re6 30. f3 Kg7 31. Re4 Rf6 32. Re7 b5 33. cxb6
1-0

[Event "Tournoi Skype 009"]
[Site "Skype"]
[Date "????.??.??"]
[Round "7.21"]
[White "Galani, Mahendra"]
[Black "Hague, Mark"]
[Result "1-0"]
[WhiteElo "1399"]
[BlackElo "1389"]
[PlyCount "95"]

1. e4 c5 2. Bc4 d6 3. Nf3 Bg4 4. h3 Bh5 5. Bb5+ Nd7 6. c4 e5 7. Qb3 Ngf6 8. Qe3
Be7 9. d3 h6 10. Nh2 a6 11. Ba4 Rb8 12. Nc3 Qa5 13. Bxd7+ Kxd7 14. O-O g5 15.
Bd2 Qb6 16. Na4 Qc7 17. a3 g4 18. hxg4 Nxg4 19. Nxg4 Bxg4 20. f3 Be6 21. b4 b5
22. Nb2 Rbg8 23. cxb5 axb5 24. Qe2 Bh3 25. Rf2 Bh4 26. Kh2 Bxf2 27. Kxh3 Bd4
28. Rb1 Qd8 29. Nd1 Rg6 30. Nf2 Rhg8 31. g4 h5 32. Be3 Bxe3 33. Qxe3 hxg4+ 34.
Nxg4 Rh8+ 35. Kg3 Qh4+ 36. Kg2 Qh3+ 37. Kf2 Qh4+ 38. Ke2 Rhg8 39. Rg1 Rxg4 40.
fxg4 Qh2+ 41. Kd1 Qh4 42. Qf3 Rh8 43. Qxf7+ Kc6 44. Qd5+ Kd7 45. Qf7+ Kc6 46.
bxc5 dxc5 47. Qd5+ Kc7 48. Qxc5+ 1-0

[Event "Tournoi Skype 009"]
[Site "Skype"]
[Date "????.??.??"]
[Round "7.22"]
[White "Porcabeuf, Jean-Marc"]
[Black "Dubois, Real"]
[Result "0-1"]
[WhiteElo "1302"]
[BlackElo "1534"]
[PlyCount "62"]

1. d4 d5 2. c4 e6 3. Nf3 Nc6 4. Nc3 Nf6 5. a3 g6 6. Bf4 Bg7 7. e3 O-O 8. Bd3
dxc4 9. Bxc4 a6 10. O-O b5 11. Bb3 Bb7 12. Re1 Ne7 13. Ne5 Nfd5 14. Nxd5 Nxd5
15. Bc2 Nxf4 16. exf4 Qd5 17. Be4 Qd8 18. Bxb7 Bxe5 19. fxe5 Rb8 20. Qf3 Qxd4
21. Rad1 Qb6 22. Be4 c5 23. b4 c4 24. Rd7 Rbd8 25. Rxd8 Qxd8 26. h4 Qxh4 27. g3
Qg5 28. Bb7 Qd2 29. Bxa6 Qxe1+ 30. Kg2 c3 31. Qe4 Qxe4+ 0-1

[Event "Tournoi Skype 009"]
[Site "Skype"]
[Date "????.??.??"]
[Round "7.23"]
[White "Vincent, Andre"]
[Black "Capdeville, Jean"]
[Result "1-0"]
[WhiteElo "1413"]
[BlackElo "1440"]
[PlyCount "83"]

1. d4 d5 2. c4 e6 3. Nc3 Nf6 4. e3 Bb4 5. Nf3 Bxc3+ 6. bxc3 Nc6 7. Bd3 a6 8.
O-O O-O 9. Re1 Nd7 10. Ba3 Re8 11. Rb1 e5 12. cxd5 exd4 13. dxc6 bxc6 14. cxd4
Nf6 15. Qb3 Nd5 16. Bc4 Be6 17. Ne5 Qc8 18. Nxc6 Qd7 19. Ne5 Qc8 20. Bxd5 Bxd5
21. Qxd5 Qe6 22. Qxe6 Rxe6 23. Rb7 f6 24. Nd7 Rc6 25. Rc1 Rxc1+ 26. Bxc1 c6 27.
Rb8+ Rxb8 28. Nxb8 a5 29. Nxc6 a4 30. d5 Kf8 31. d6 Ke8 32. Ba3 Kd7 33. Na7 g6
34. Nb5 h6 35. Nc3 Kc6 36. Nxa4 Kb7 37. Bc5 Kc6 38. Nc3 h5 39. h4 f5 40. a4 Kb7
41. a5 Kc6 42. a6 1-0

[Event "Tournoi Skype 009"]
[Site "Skype"]
[Date "????.??.??"]
[Round "7.24"]
[White "Rival, Jocelyn"]
[Black "Loyarte, Frederic"]
[Result "0-1"]
[WhiteElo "1156"]
[BlackElo "1473"]
[PlyCount "83"]

1. e4 e5 2. Nf3 Nc6 3. Bb5 Nf6 4. d3 a6 5. Ba4 Bc5 6. O-O b5 7. Bb3 O-O 8. c3
d5 9. Nbd2 d4 10. cxd4 Bxd4 11. h3 Bc5 12. Re1 Qxd3 13. Bc2 Qd8 14. Nb3 Qxd1
15. Rxd1 Nb4 16. Ne1 Nxc2 17. Nxc2 Nxe4 18. Nxc5 Nxc5 19. b4 Bf5 20. Ne3 Nd3
21. Bd2 Bg6 22. Ng4 Bh5 23. Rab1 f5 24. f3 fxg4 25. hxg4 Bg6 26. Bc3 Nf4 27.
Rb2 Rad8 28. Bd2 Rd4 29. Re1 Nd3 30. Rb3 Nxe1 31. Bxe1 Rd1 32. Re3 Rf4 33. Rxe5
Rxe1+ 34. Rxe1 Rxb4 35. Re7 Rc4 36. f4 Rxf4 37. Rxc7 Rxg4 38. Rc8+ Kf7 39. Rc7+
Ke6 40. Rc6+ Kd5 41. Rxa6 Ra4 42. Ra7 0-1

[Event "Tournoi Skype 009"]
[Site "Skype"]
[Date "????.??.??"]
[Round "7.25"]
[White "Tamditi, Ibrahim"]
[Black "Saidi, Bhen"]
[Result "0-1"]
[WhiteElo "1225"]
[BlackElo "1467"]
[PlyCount "62"]

1. e4 e5 2. Nf3 Nc6 3. d4 exd4 4. Nxd4 Qh4 5. Nxc6 Qxe4+ 6. Be3 Qxc6 7. Nc3 Bb4
8. Bd2 Bxc3 9. Bxc3 Ne7 10. Bxg7 Rg8 11. Bc3 Nd5 12. Qe2+ Qe6 13. Qxe6+ dxe6
14. Be5 Bd7 15. c4 Nb4 16. a3 Nc2+ 17. Kd2 Nxa1 18. Bd3 Ba4 19. Rxa1 O-O-O 20.
Kc3 Rxg2 21. Bd4 Rg4 22. Rb1 Rdxd4 23. Bxh7 Rxc4+ 24. Kd3 Rgd4+ 25. Ke3 Rd8 26.
f3 Rh8 27. b3 Rc3+ 28. Bd3 Bxb3 29. Kd2 Bc2 30. Bxc2 Rxf3 31. Rh1 Rxa3 0-1

[Event "Tournoi Skype 009"]
[Site "Skype"]
[Date "????.??.??"]
[Round "7.26"]
[White "Gharbi, Said"]
[Black "Dupere, Francois"]
[Result "1-0"]
[WhiteElo "1406"]
[BlackElo "1180"]
[PlyCount "83"]

1. e4 d5 2. exd5 Qxd5 3. Nc3 Qa5 4. d4 Nf6 5. Bf4 c6 6. Bc4 Be6 7. Bxe6 fxe6 8.
Nf3 Na6 9. Ng5 Nc7 10. Bxc7 Qxc7 11. Nxe6 Qd6 12. Nc5 O-O-O 13. O-O b6 14. N5e4
Nxe4 15. Nxe4 Qxd4 16. Qg4+ Kb8 17. Rfd1 Qxd1+ 18. Rxd1 Rxd1+ 19. Qxd1 e6 20.
Qd8+ Kb7 21. Nd6+ Ka6 22. b4 Bxd6 23. Qxh8 Bxb4 24. Qxh7 c5 25. Qxg7 e5 26.
Qxe5 c4 27. h4 b5 28. h5 Bd2 29. Qd6+ Ka5 30. Qxd2+ b4 31. h6 c3 32. Qd5+ Ka4
33. Qb3+ Kb5 34. a3 a5 35. axb4 a4 36. Qxc3 a3 37. Qxa3 Kb6 38. h7 Kb5 39. h8=Q
Kb6 40. Qa5+ Kc6 41. Qhe5 Kd7 42. Qac7# 1-0

[Event "Tournoi Skype 009"]
[Site "Skype"]
[Date "????.??.??"]
[Round "7.27"]
[White "Gagnon, Sindy"]
[Black "Belouin, Alexis"]
[Result "0-1"]
[WhiteElo "1029"]
[BlackElo "1399"]
[PlyCount "52"]

1. e4 d5 2. Nf3 dxe4 3. Bb5+ Bd7 4. Nd4 c6 5. Bc4 Bf5 6. O-O Qxd4 7. Na3 e5 8.
c3 Qd7 9. Qe2 Nf6 10. d3 exd3 11. Qxe5+ Be6 12. h3 d2 13. Bxd2 Qxd2 14. Rad1
Qxb2 15. Qc7 Be7 16. Bxe6 O-O 17. Rd8 Bxd8 18. Qe5 Qxa3 19. Rd1 Re8 20. Bxf7+
Kxf7 21. Rd6 Rxe5 22. Rxd8 Re1+ 23. Kh2 Qxc3 24. f3 Qe5+ 25. f4 Qxf4+ 26. g3
Qf2# 0-1

[Event "Tournoi Skype 009"]
[Site "Skype"]
[Date "????.??.??"]
[Round "7.29"]
[White "Ryan, Lea"]
[Black "Rondeau, Anne-Frederique"]
[Result "1-0"]
[WhiteElo "1399"]
[BlackElo "1044"]
[PlyCount "63"]

1. d4 Nf6 2. c4 d5 3. cxd5 Nxd5 4. e4 Nf6 5. e5 Ng4 6. h3 Nh6 7. Bd3 e6 8. Nf3
Nc6 9. Be3 Bb4+ 10. Nc3 O-O 11. a3 Bxc3+ 12. bxc3 Nf5 13. Bd2 f6 14. Qc2 fxe5
15. Bxf5 exf5 16. Bg5 Qe8 17. dxe5 Nxe5 18. O-O Nxf3+ 19. gxf3 h6 20. Bd2 Rf6
21. Kh2 Qh5 22. Qb3+ Be6 23. Qxb7 Qxh3+ 24. Kxh3 f4+ 25. Kh2 Rd8 26. Rae1 Rxd2
27. Qb8+ Kh7 28. Qe8 Bc4 29. Rg1 Rxf2+ 30. Rg2 Rxf3 31. Reg1 Be6 32. Rxg7# 1-0

[Event "Tournoi Skype 009"]
[Site "Skype"]
[Date "????.??.??"]
[Round "7.32"]
[White "Coude, Josue"]
[Black "Armingaud, Jean-Claude"]
[Result "1-0"]
[WhiteElo "1178"]
[BlackElo "1246"]
[PlyCount "81"]

1. e4 e5 2. Nf3 Nc6 3. Bb5 a6 4. Ba4 b5 5. Bb3 Qe7 6. d3 Bb7 7. Bg5 Nf6 8. Nbd2
h6 9. Bh4 O-O-O 10. O-O d6 11. Qe2 Nd4 12. Nxd4 exd4 13. Nf3 c5 14. Rab1 Qc7
15. Bxf7 Qxf7 16. Ra1 Be7 17. h3 g6 18. Bg3 Rhe8 19. e5 Nh5 20. Bh2 Nf4 21. Qd2
dxe5 22. Nxe5 Qf6 23. Qxf4 Qxf4 24. Bxf4 g5 25. Bd2 Bd5 26. Rfe1 Bf6 27. Nf3
Re7 28. Rxe7 Bxe7 29. b3 c4 30. Nxd4 Bb7 31. bxc4 Rxd4 32. cxb5 axb5 33. Re1
Kd7 34. Bc3 Ra4 35. Ra1 Bd5 36. Rb1 Ra5 37. Bxa5 Bxa2 38. Rxb5 Kc6 39. Rb6+ Kc5
40. Rb7 Bd5 41. Rxe7 1-0

[Event "Tournoi Skype 009"]
[Site "Skype"]
[Date "????.??.??"]
[Round "7.33"]
[White "Bucherie, Volcy"]
[Black "Marty, Yvette"]
[Result "1-0"]
[WhiteElo "1210"]
[BlackElo "1000"]
[PlyCount "63"]

1. c4 c5 2. g3 e5 3. Bg2 Nc6 4. Nf3 b6 5. O-O d6 6. e4 Nf6 7. Nc3 Rb8 8. Qa4
Bb7 9. d3 a5 10. Bg5 Be7 11. Nd5 Nxd5 12. cxd5 Qd7 13. Bxe7 Kxe7 14. dxc6 Bxc6
15. Qc4 f6 16. a3 Rhe8 17. h4 Kd8 18. Kh2 Kc7 19. Bh3 Bb5 20. Bxd7 Bxc4 21.
Bxe8 Rxe8 22. dxc4 h5 23. Kh3 g5 24. hxg5 f5 25. exf5 Rh8 26. Nh4 Rg8 27. f4
exf4 28. gxf4 Rd8 29. Rfe1 Kc6 30. g6 Rf8 31. g7 Rd8 32. f6 1-0